Geography Quiz

Random Geography or World Quiz

Countries Whose Capitals Contain 'City' Quiz Stats

 Plays Quiz Updated Oct 9, 2014

Challenge
Share
Tweet
Embed
Score 0/5 Timer 01:00
2 Plays Today
% Correct
Mexico City, Mexico
85.4%
Panama City, Panama
72.3%
Vatican City, Vatican City
69.6%
Guatemala City, Guatemala
63.8%
Kuwait City, Kuwait
48.6%

You're not logged in!

Compare scores with friends on all Sporcle quizzes.
OR
Log In

You Might Also Like...

Show Comments

Extras

Top Quizzes Today


Score Distribution

Your Account Isn't Verified!

In order to create a playlist on Sporcle, you need to verify the email address you used during registration. Go to your Sporcle Settings to finish the process.

Report this User

Report this user for behavior that violates our Community Guidelines.

Details: